01827 2200205 4500001002100000005001500021035002000036008004100056245003500097100001700132250000600149260003800155300001100193084001400204082000800218650001000226520136100236990001201597990001201609INLIS00000000000087820240604092905 a0010-0524000113240604 1 ind 1 aLebay 24 Karat /cKristiananda aKristiananda a1 aYogyakarta :bSheila/ Andi,c2013 a260 hm a813 KRI l a813 4aFiksi aRasa sakit hati Bevalitareinastasya terhadap Ivan, sang mantan pacar, yang meninggalkan dirinya untuk melanjutkan sekolah di luar negeri belum juga sembuh. Sekarang ia harus dihadapkan pada kenyataan bahwa ia harus berpisah dengan orangtua dan sahabat-sahabatnya untuk kuliah dan tinggal bersama Eyangnya di Jogja. Be, begitu ia dipanggil, tidak bisa membayangkan jika harus hidup berdua bersama Eyangnya yang tidak begitu ia kenal. Hidupnya jadi tambah jungkir balik ketika bertemu dengan orang-orang baru dalam hidupnya. Lele alias Bona, cucu Eyang Lastri sekaligus tetanggganya selalu mebuat Be sebel dengan kelakuannya yang aneh. Sedangkan Sam, sang pujaan hati barunya yang ternyata adalah kakak angkatannya di kampus, selalu membuat Be deg-degan, jatuh dalam pesona kepala botaknya. Yang terakhir, Bebi, manusia super besar yang akhirnya menjadi teman baru Be di kampus. Namun ternyata, di balik keanehan Lele, pesona Sam, dan kebaikan hati Bebi, mereka menyimpan sebuah rahasia. Rahasia yang akhirnya menyeret Be masuk dalam sebuah pusaran konflik yang tidak pernah ia bayangkan sebelumnya. Ingin rasanya Be lari, menjauh dari pusaran itu. Namun ia sudah terlanjur tenggelam di dalamnya. Mampukah Be beradaptasi dengan lingkungan barunya di Jogja? Mampukah Be mengatasi masalah-masalah di lingkungan barunya? Ataukah Be memilih untuk melarikan diri? a0741356 a0741357